| 000 | 00614nam a2200217 a 4500 | ||
|---|---|---|---|
| 999 |
_c2677 _d2677 |
||
| 007 | ta | ||
| 008 | 230120t2019 ii a|||gr|||| 0|1 0 eng|d | ||
| 020 |
_a9788126578061 _cRs. 489.00 |
||
| 040 |
_aKO _beng |
||
| 041 | 0 | _aeng | |
| 044 | _aii | ||
| 082 | 0 | 4 |
_a658.3 _bP9128 _223 |
| 100 | 1 | _aPreet, Raman | |
| 245 | 1 | 0 |
_aFuture of human resource management _b : case studies with strategic approach / _cRaman Preet |
| 260 |
_aNew Delhi : _bWiley India Pvt. Ltd., _c2019 |
||
| 300 |
_axviii, 153 p. : _bill. ; _c23 cm. |
||
| 650 | 0 |
_aPersonnel management _vTextbooks |
|
| 904 | _aA_BOSE | ||
| 942 | _cBK | ||